000 00592nam a2200193Ia 4500
005 20250923145620.0
008 008 250917s9999 xx 000 0 eng d
037 _aTextual
040 _aDSWL
_beng
_cDSWL
041 _aeng
_2eng
084 _aL:573.2, N78
_qDSWL
245 0 _aMenus for low-cost balanced diets, school-lunch programmes (Suitable for
_c by National Institute of Nurtition
260 _aHyderabad
_bN.I. Nutrition
_c1978
300 _a35 p.
365 _aINR
_b1.50
925 _g1.50
942 _cTEXL
_hL:573.2, N78
999 _c1453499
_d1453499